| 000 | 01826cab a2200277 4500 | ||
|---|---|---|---|
| 001 | ABS67445 | ||
| 008 | 040126n2003 000 0 eng u | ||
| 035 | _a(Sirsi) u124908 | ||
| 100 | _aCrow, Stephen | ||
| 245 | _aRetailers and planning gain: the rights and wrongs and what is to be done about them | ||
| 260 | _c2003 | ||
| 490 |
_aJournal of Retail and Leisure Property _v3(3) December 2003, 261-274(14) |
||
| 520 | _aConsiders the unsatisfactory status and effect of planning gain in respect of retail development. Outlines the evolution of two opposing views of planning gain - the unfettered taxation or get what you can camp and the logical nexus camp. Suggests that a lack of legal direction is the reason why practitioners are so little in agreement on this matter and reviews this area of planning law. Examines policy developments in respect of planning gain since 1981, culminating in the DTLR consultation "Reforming planning obligations: delivering a fundamental change" of December 2001, which was received unfavourably and whose proposals were acclaimed as a tax on development value. Looks at the possible need for changes in the law and summarises what options are open to a retail developer faced with exorbitant demands for planning gain. References. | ||
| 590 | _aABS | ||
| 650 | _aABUSE OF PROCESS | ||
| 650 | _aSAFEWAY PROPERTIES V SOS ENVIRONMENT | ||
| 650 | _aTESCO STORES LTD V SOS ENVIRONMENT & ANOR | ||
| 650 | _aR V PLYMOUTH CITY COUNCIL EX P PLYMOUTH AND SOUTH DEVON CO-OPERATIVE SOCIETY LTD | ||
| 650 | _aR V SOUTH HOLLAND DC EX P LINCOLN CO-OPERATIVE SOCIETY LTD | ||
| 650 | _aTOWN AND COUNTRY PLANNING ACT 1990 S106 | ||
| 650 | _aRETAIL DEVELOPMENT | ||
| 650 | _aPLANNING OBLIGATIONS | ||
| 650 | _aPLANNING GAIN | ||
| 690 |
_aPlanning and development _96259 |
||
| 942 | _n0 | ||
| 999 |
_c74075 _d74075 |
||